Zahlungsbilanz nach Regionen (Record no. 5791)

MARC details
000 -LEADER
fixed length control field 00426nas a22001817i 4500
001 - CONTROL NUMBER
control field 6153
003 - CONTROL NUMBER IDENTIFIER
control field OSt
005 - DATE AND TIME OF LATEST TRANSACTION
control field 20170216211006.0
007 - PHYSICAL DESCRIPTION FIXED FIELD--GENERAL INFORMATION
fixed length control field tu
008 - FIXED-LENGTH DATA ELEMENTS--GENERAL INFORMATION
fixed length control field 161220s xxu||||| |||| 00| 0 d
024 7# - OTHER STANDARD IDENTIFIER
Standard number or code 6153
Source of number or code RID
024 7# - OTHER STANDARD IDENTIFIER
Standard number or code 6153
Source of number or code RSN (alt)
040 ## - CATALOGING SOURCE
Transcribing agency OSt
110 2# - MAIN ENTRY--CORPORATE NAME
Corporate name or jurisdiction name as entry element Österreichische Nationalbank
245 00 - TITLE STATEMENT
Title Zahlungsbilanz nach Regionen
260 ## - PUBLICATION, DISTRIBUTION, ETC.
Place of publication, distribution, etc. Wien :
Name of publisher, distributor, etc. Österreichische Nationalbank.
866 #0 - TEXTUAL HOLDINGS--BASIC BIBLIOGRAPHIC UNIT
-- 1998 - 2005
942 ## - ADDED ENTRY ELEMENTS (KOHA)
Koha item type Paper
Holdings
Withdrawn status Lost status Damaged status Not for loan Home library Current library Shelving location Date acquired Serial Enumeration / chronology Inventory number Total Checkouts Barcode Date last seen Price effective from Koha item type
        WIIW WIIW Library 08/04/2004 2003 1.-3.Quartal 6153   10001620 01/26/2017 01/26/2017 Paper
        WIIW WIIW Library 08/04/2004 2003 1.Quartal 6153   10001621 01/26/2017 01/26/2017 Paper
        WIIW WIIW Library 08/04/2004 2003 1. Halbjahr 6153   10001622 01/26/2017 01/26/2017 Paper
        WIIW WIIW Library 08/04/2004 2002 rev. Daten 6153   10001623 01/26/2017 01/26/2017 Paper
        WIIW WIIW Library 08/04/2004 2002 prov.Daten 6153   10001624 01/26/2017 01/26/2017 Paper
        WIIW WIIW Library 08/04/2004 2001 6153   10001625 01/26/2017 01/26/2017 Paper
        WIIW WIIW Library 08/04/2004 2001 rev. Daten 6153   10001626 01/26/2017 01/26/2017 Paper
        WIIW WIIW Library 08/04/2004 2000 6153   10001627 01/26/2017 01/26/2017 Paper
        WIIW WIIW Library 08/04/2004 1998 rev. Daten 6153   10001628 01/26/2017 01/26/2017 Paper
The Vienna Instiute for International Economic Studies (wiiw)